000 00508nam a2200181Ia 4500
005 20250923150123.0
008 008 250917s9999 xx 000 0 eng d
037 _aTextual
040 _aDSWL
_beng
_cDSWL
041 _aeng
_2eng
084 _qDSWL
100 _aBhatt, Sanjai
_9842462
245 0 _aFamily health awareness campanion in NCTof Delhi
_c by Sanjai Bhatt
260 _aDelhi
_bDepartment of Social Work India
_c2002
300 _a125p.
942 _cTEXL
999 _c1459789
_d1459789